Регионална библиотека "Любен Каравелов" - Русе

Педагогическите умения на учителите: теоретични модели (Запис номер 180237)

MARC детайли
000 -Лидер
Контролно поле с фиксирана дължина 02252nam a2200421 c 4500
003 - Код на организацията, давaща контролен номер
Контролно поле BLK
005 - Дата и час на последна редакция
Контролно поле 20250709095240.0
008 - Елементи от данни с фиксирана дължина
fixed length control field 180411b bul|||||r ||||||| ||bul||
010 ## - Наследен системен номер
LC control number KNG00189075000
020 ## - Международен стандартен номер на книга ISBN
Международен стандартен номер на книга ISBN 978-954-09-1056-7
-- издат.: Захарий Стоянов - на том(кн. 2)
040 ## - Източник на каталожния запис
Идентификатор на билиотеката - собственик на записа BLK
041 ## - Код за език
Код за езика на текст/звукозапис или на отделно заглавие Български
Код за езика КДБФ Български
072 #7 - Код за тематичната категория
Код организация bullib
Код за тематична категория Н37
Текст Образование. Педагогика Н
080 ## - УДК
Текстов определител УДК Образование и статут на учителите и преподавателите. Педагогическа етика - Квалификация на учителите, положение в професията и обществото. Вж и 174
УДК код - определител по УДК 371.13/.16
УДК определител
УДК - код + определител 371.13/.16
080 ## - УДК
Текстов определител УДК Методи и форми на обучение. Вж и 371.64/.69
УДК код - определител по УДК 371.3
УДК определител
УДК - код + определител 371.3
080 ## - УДК
Текстов определител УДК Организация на възпитанието и образованието. Училищно дело.
УДК код - определител по УДК 37.09
УДК определител .015.3
УДК - код + определител 37.09.015.3
100 1# - Редна дума - Автор
Автор Колишев, Николай Стоянов
Авторска отговорност първи автор
R(LIN) 81540
139 ## - Редно поле
Редна дума Колишев, Николай Стоянов
Авторски знак Колев - К 78
245 10 - Сведения за заглавието
Заглавие Педагогическите умения на учителите: теоретични модели
Подзаглавни данни Кн. 1 -
Редно поле (дума) Николай Стоянов Колишев.
Том Кн. 2
257 ## - Страна на издаване
Страна на създаване/издаване България
260 ## - Област на издателските данни
-- София
Година на издаване 2008 -
Печатница За том: София : Миг принт
300 ## - Физическа характеристика
Размери/Мащаб 20 см
380 ## - Жанр
Жанр Обществени науки
650 #4 - Допълнително описание по предмет – тема
Основно описание – тема или топоним Учители - подготовка
9 (RLIN) 245694
650 #4 - Допълнително описание по предмет – тема
Основно описание – тема или топоним Обучение - методика
9 (RLIN) 321569
650 #4 - Допълнително описание по предмет – тема
Основно описание – тема или топоним Детска и педагогическа психология
9 (RLIN) 244538
653 ## - Ключова дума – ненормативна
Ключова дума учители
653 ## - Ключова дума – ненормативна
Ключова дума квалификация
653 ## - Ключова дума – ненормативна
Ключова дума обучение
659 ## - Тематичен бюлетин
Тематичен бюлетин Н
760 1# - Описание на основната серия
-- - на том(кн. 2)
Редна дума на основното описание Колишев, Николай Стоянов
Място на издаване, издател и година Захарий Стоянов, 2016
Страници - том 456 с. : с ил.
Забележка - том На кор. означено 4. - Библиогр. с. 443-454
Заглавие Кн. 2
852 ## - Местоположение
Форматна сигнатура Цб 245047
856 4# - Електронен адрес и достъп
Електронен формат pdf - файл
Път до файла /url/
856 4# - Електронен адрес и достъп
Електронен формат pdf - файл
Път до файла /url/
942 ## - АРТИКУЛИ
Вид на библиотечния материал Книги
Скрит в OPAC Не
Koha issues (borrowed), all copies 6
944 ## - СЪЗДАВАНЕ И РЕДАКЦИЯ на ЗАПИСА
Създаване/Редакция Създаване
Дата на регистрацията/редакция 07.07.2016
Служител, извършил регистрацията/редакцията 30530
Статус, дата на статуса Минев Младен
944 ## - СЪЗДАВАНЕ И РЕДАКЦИЯ на ЗАПИСА
Създаване/Редакция Редакция
Дата на регистрацията/редакция 15.11.2016
Служител, извършил регистрацията/редакцията Пенка_Димитрова
999 ## - СИСТЕМНИ КОНТРОЛНИ НОМЕРА
Koha biblionumber 180237
Koha biblioitemnumber 180237
Наличности
Код за отписване Код за изгубен артикул Източник на класификационната схема Код за повреда Коз за рестрикции Код за отдаване Артикулен № Име на библиотеката - собственик Име на библиотеката, в която се намира в момента Статус (Текущо местоположение) Дата на вписване в системата Местоположение - отдел Цена в лева Инвентарен номер Систематично азбучна сигнатура Баркод Номер на екземпляра Цена в евро Служебна бележка Служебен тип на артикула
  Не е изгубен Universal Decimal Classification Не е повреден без рестрикции заемане за дома 308896 Регионална библиотека "Любен Каравелов" Русе Регионална библиотека "Любен Каравелов" Русе Заемна - подръчен фонд 2016-07-18 Заемна - подръчен фонд 13.99 120000802261 37.09/К 78 Н 120000802261 1 7.15 Дост: Pk Вид: Ф N: 305 Дата: 04.07.2016 Дата инв: 08.02.2018 Бележки инв: П2018 Книги
  Не е изгубен Universal Decimal Classification Не е повреден без рестрикции заемане за дома 308897 Регионална библиотека "Любен Каравелов" Русе Регионална библиотека "Любен Каравелов" Русе Заемна - подръчен фонд 2016-07-18 Заемна - подръчен фонд 13.99 120000802262 37.09/К 78 Н 120000802262 2 7.15 Дост: Pk Вид: Ф N: 305 Дата: 04.07.2016 Дата инв: 08.02.2018 Бележки инв: П2018 Книги
  Не е изгубен   Не е повреден без рестрикции ползва се в читалня 308898 Регионална библиотека "Любен Каравелов" Русе Регионална библиотека "Любен Каравелов" Русе Хранилище 2016-11-15 Хранилище 20.00 120000805696 Цб 245047 120000805696 3 10.23 Дост: Dp Вид: Д N: 42 Дата: 21.09.2016 Книги
Vip Innovations Ltd, Rousse, Bulgaria 2025